Palestra del Clero (Record n. 104176)

Dettagli MARC
000 -LEADER
fixed length control field 00643nam a22001817a 4500
003 - CONTROL NUMBER IDENTIFIER
control field IT-RoPau
005 - DATE AND TIME OF LATEST TRANSACTION
control field 20220918181218.0
008 - FIXED-LENGTH DATA ELEMENTS--GENERAL INFORMATION
fixed length control field 131130b xxu||||| |||| 00| 0 eng d
040 ## - CATALOGING SOURCE
Transcribing agency IT-RoPau
100 ## - MAIN ENTRY--PERSONAL NAME
Personal name Sgarbossa, Eliseo
9 (RLIN) 4575
245 ## - TITLE STATEMENT
Title Palestra del Clero
Remainder of title Rivista mensile di cultura e pratica ecclesiastica
250 ## - EDITION STATEMENT
Edition statement I
260 ## - PUBLICATION, DISTRIBUTION, ETC. (IMPRINT)
Place of publication, distribution, etc. Rovigo
Name of publisher, distributor, etc. Istituto padano di arti grafiche - Rovigo
Date of publication, distribution, etc. 1996
300 ## - PHYSICAL DESCRIPTION
Extent Da Pag. 661 a 684
Dimensions 23 cm
490 ## - SERIES STATEMENT
Series statement Anno 75 - Settembre 1996
Volume/sequential designation 9° Num.
520 ## - SUMMARY, ETC.
Summary, etc. Indice<br/><br/>Insegnamenti pontifici<br/>Editoriale<br/>Anno Santo<br/>Catechesi<br/>Teologia Spirituale<br/>Preti<br/>Questioni storiche
942 ## - ADDED ENTRY ELEMENTS (KOHA)
Source of classification or shelving scheme Dewey Decimal Classification
Koha item type LIBRO
Dati di copia
Withdrawn status Lost status Source of classification or shelving scheme Damaged status Not for loan Home library Current library Date acquired Total Checkouts Full call number Date last seen Price effective from Koha item type
    Dewey Decimal Classification Buone Condizioni Not For Loan PAULUS-BIBLIOTECA PAULUS-BIBLIOTECA 30/11/2013   P B2 30/11/2013 30/11/2013 LIBRO
CREDITS: SOCIETA' SAN PAOLO Via A.Severo, 58 - ROMA (RM) & PERIODICI SAN PAOLO SRL Via Giotto, 36 MILANO & CISF Via Giotto, 36 MILANO & EDIZIONI SAN PAOLO SRL,  Piazza Soncino, 5 CINISELLO BALSAMO (MI) -- ITALY